[Event "DMP-III LIGA Senior PK 2020"]
[Site "Bystre"]
[Date "2020.07.10"]
[Round "4.27"]
[White "Palacki, Rafal"]
[Black "Samek, Ryszard"]
[Result "1-0"]
[WhiteElo "1755"]
[BlackElo "1993"]
[Annotator "TA"]
[PlyCount "54"]
[EventDate "2020.07.05"]
[EventType "team-tourn"]
[EventCountry "POL"]
[SourceTitle "playchess.com"]
[Source "ChessBase"]
[SourceQuality "1"]

{[%evp 10,54,0,-64,-60,-60,-59,-57,-68,-254,-256,-260,-246,-259,-240,-232,0,0,79,103,80,82,83,90,123,122,143,131,136,135,741,727,922,904,855,845,29987,29988,29988,29989,29991,586,562,544,434,6,29997]} 1. e4 e5 2. Nf3 Nc6 3. Bc4 Nf6 4. d4 exd4 5. O-O Nxe4 6. Nc3 (6. Re1 $11 d5 7. Bxd5 $1 {[%mdl 512]} Qxd5 8. Nc3 $1 {[%mdl 512]}) 6... Nd6 $15 {C56: Two Knights: 4 d4 exd4 5 0-0 Nxe4.} 7. Re1+ Be7 8. Nd5 $1 Nxc4 {[#] Black is slightly better.} 9. Bg5 $146 (9. Nxe7 $15 Nxe7 10. Qxd4 {[%mdl 64] Double Attack}) ({Predecessor:} 9. Nxe7 Nxe7 10. Qxd4 O-O 11. Qxc4 d5 12. Qc3 Ng6 13. Be3 b6 14. a4 c5 15. Qd2 {½-½ (39) Volkov,S (2277)-Bachmann,A (2599) chess.com INT 2020}) 9... f6 $19 ({Don't go for} 9... Nxb2 $2 10. Rxe7+ Nxe7 11. Qxd4 $18) 10. Bxf6 gxf6 11. Nxd4 N4e5 12. Qh5+ Ng6 $2 (12... Kf8 $19 13. Nf5 Bc5) 13. Nxc6 $11 dxc6 (13... bxc6 $11 14. Rxe7+ Qxe7 15. Nxe7 Kxe7) 14. Rxe7+ $16 Qxe7 15. Nxe7 Kxe7 16. Re1+ $1 Kf7 17. f4 $1 {[%mdl 1024] White has strong compensation.} Kg7 18. f5 $1 {[%cal Rf5g6]} Ne5 19. Re3 {aiming for Rg3+.} Bd7 $2 {[%mdl 8192]} (19... Rf8 $16) 20. Rg3+ $18 Kf8 21. Qh6+ {[%mdl 64] Double Attack} Ke7 22. Qg7+ $1 ({Less strong is} 22. Rg7+ Nf7 $11) 22... Kd6 23. Qxf6+ Kd5 {[#]} 24. c4+ $1 {[%mdl 512]} Ke4 (24... Kxc4 25. Qxe5) 25. Kf2 (25. Qh4+ $142 Kxf5 26. Qg5+ Ke6 27. Re3 $1 {[%mdl 512]} Kf7 28. Qxe5 h5 29. Rf3+ Bf5 30. Rxf5+ {[%mdl 64] Double Attack} Kg6 31. Rf6+ Kh7 32. Qxh5+ Kg8 33. Qg6#) 25... Rhe8 26. Re3+ Kd4 27. b4 $2 ({White should try} 27. Qh4+ $18 Kc5 {[#]} 28. b4+ $1 {[%mdl 576] Deflection} Kxb4 29. Qd4 Ng4+ 30. Qxg4 Rxe3 31. Kxe3) 27... a5 $2 {[%mdl 8192] Accuracy: White = 72%, Black = 44%.} (27... h5 $11) 1-0

[Event "DMP-III LIGA Senior PK 2020"]
[Site "Bystre"]
[Date "2020.07.10"]
[Round "4.28"]
[White "Wojciechowski, Beniamin"]
[Black "Zajac, Karol"]
[Result "1-0"]
[WhiteElo "1835"]
[BlackElo "1652"]
[Annotator "NA RC"]
[PlyCount "123"]
[EventDate "2020.07.05"]
[EventType "team-tourn"]
[EventCountry "POL"]
[SourceTitle "playchess.com"]
[Source "ChessBase"]
[SourceQuality "1"]
[TimeControl "5400+30"]

1. e4 {[%emt 0:00:00]} e5 {[%emt 0:00:00]} 2. f4 {[%emt 0:00:00]} exf4 {[%emt 0:00:11]} 3. Nf3 {[%emt 0:00:00]} Be7 {[%emt 0:00:23]} 4. Bc4 {[%emt 0:00:00]} Nf6 {[%emt 0:00:11]} 5. d3 {[%emt 0:00:00]} d5 {[%emt 0:01:14]} 6. exd5 {[%emt 0:00:00]} Nxd5 {[%emt 0:00:37]} 7. O-O {[%emt 0:02:08]} O-O {[%emt 0:00:54]} (7... g5 $17) 8. Nc3 {[%emt 0:11:19]} Be6 {[%emt 0:13:13]} 9. Nxd5 {[%emt 0:10:09]} Bxd5 {[%emt 0:00:35]} 10. Bxd5 {[%emt 0:00:12]} Qxd5 {[%emt 0:00:08]} 11. Bxf4 {[%emt 0:00:19]} Nd7 $11 {[%emt 0:05:03]} 12. c4 {[%emt 0:10:36]} Qc6 {[%emt 0:12:19]} 13. Qc2 {[%emt 0:03:53]} Bf6 {[%emt 0:03:04]} 14. Rfd1 {[%emt 0:25:20]} Rfe8 {[%emt 0:03:04]} 15. d4 {[%emt 0:06:59]} h6 {[%emt 0:02:08]} 16. Bg3 {[%emt 0:00:31]} Re4 {[%emt 0:02:36]} 17. Rac1 {[%emt 0:05:18]} Rae8 {[%emt 0:00:31]} 18. Rd2 {[%emt 0:00:10]} Re3 {[%emt 0:05:08]} 19. b3 {[%emt 0:06:23]} Rxf3 {[%emt 0:02:22]} 20. gxf3 {[%emt 0:00:18]} Qxf3 {[%emt 0:00:22]} 21. Rf1 {[%emt 0:03:08]} Qe3+ {[%emt 0:03:34]} 22. Bf2 {[%emt 0:05:13]} Qg5+ {[%emt 0:04:06]} 23. Kh1 {[%emt 0:02:54]} Qh5 {[%emt 0:00:57]} 24. Qd1 {[%emt 0:01:54]} Qa5 {[%emt 0:06:23]} 25. Re2 {[%emt 0:01:04]} Rd8 {[%emt 0:00:43]} 26. Qe1 {[%emt 0:00:23]} Qa6 {[%emt 0:00:25]} 27. Re8+ {[%emt 0:00:14]} Rxe8 {[%emt 0:02:37]} 28. Qxe8+ {[%emt 0:00:05]} Nf8 {[%emt 0:00:07]} 29. Qe2 {[%emt 0:03:22]} Qd6 {[%emt 0:03:24]} 30. d5 {[%emt 0:01:04]} b6 {[%emt 0:01:08]} 31. Bg3 {[%emt 0:00:44]} Qd7 {[%emt 0:00:28]} 32. Qf3 {[%emt 0:00:29]} Ng6 {[%emt 0:01:49]} 33. Qf5 {[%emt 0:00:25]} Qd8 {[%emt 0:01:55]} 34. Re1 {[%emt 0:01:04]} Bg5 {[%emt 0:05:32]} 35. Rf1 {[%emt 0:00:28]} Bf6 {[%emt 0:00:37]} 36. Re1 {[%emt 0:00:05]} Bg5 {[%emt 0:00:08]} 37. Qe4 {[%emt 0:00:03]} Ne7 {[%emt 0:00:21]} 38. h4 {[%emt 0:00:24]} Bf6 {[%emt 0:00:13]} 39. h5 {[%emt 0:00:30]} Qd7 {[%emt 0:00:28]} 40. Kg2 {[%emt 0:00:09]} b5 {[%emt 0:02:49]} 41. Re2 {[%emt 0:02:29]} a6 {[%emt 0:01:05]} 42. Rd2 {[%emt 0:00:16]} Bg5 {[%emt 0:00:30]} 43. Rd3 {[%emt 0:00:23]} bxc4 {[%emt 0:01:21]} 44. bxc4 {[%emt 0:00:51]} Qa4 {[%emt 0:01:23]} 45. Bxc7 {[%emt 0:00:29]} Qxa2+ {[%emt 0:00:32]} 46. Kh3 {[%emt 0:00:23]} Qf2 {[%emt 0:01:22]} 47. Bg3 {[%emt 0:00:34]} Qf1+ {[%emt 0:00:30]} 48. Kh2 {[%emt 0:00:08]} f5 {[%emt 0:01:09]} 49. Rf3 {[%emt 0:00:37]} Qd1 {[%emt 0:00:38]} 50. Qd3 {[%emt 0:00:08]} Qc1 {[%emt 0:00:40]} 51. d6 {[%emt 0:00:37]} f4 {[%emt 0:00:20]} 52. Bf2 {[%emt 0:00:15]} Nc8 {[%emt 0:01:02]} 53. c5 {[%emt 0:00:53]} Na7 {[%emt 0:02:33]} 54. Qd5+ {[%emt 0:00:30]} Kh7 {[%emt 0:00:16]} 55. d7 {[%emt 0:00:11]} Nb5 {[%emt 0:00:32]} 56. Qf5+ {[%emt 0:01:01]} Kh8 {[%emt 0:00:31]} 57. Qxg5 {[%emt 0:00:12]} hxg5 {[%emt 0:00:38]} 58. d8=Q+ {[%emt 0:00:11]} Kh7 {[%emt 0:00:04]} 59. Qxg5 {[%emt 0:00:30]} Nc3 {[%emt 0:00:19]} 60. Qxf4 {[%emt 0:01:06]} Qb2 {[%emt 0:00:16]} 61. Qd4 {[%emt 0:00:30]} Qb8+ {[%emt 0:00:54]} 62. Rg3 {[%emt 0:00:09]} 1-0

[Event "DMP-III LIGA Senior PK 2020"]
[Site "Bystre"]
[Date "2020.07.10"]
[Round "4.29"]
[White "Materniak, Aleksander"]
[Black "Borukalo, Zdzislaw"]
[Result "1-0"]
[WhiteElo "1660"]
[BlackElo "1679"]
[Annotator "NA RC"]
[PlyCount "63"]
[EventDate "2020.07.05"]
[EventType "team-tourn"]
[EventCountry "POL"]
[SourceTitle "playchess.com"]
[Source "ChessBase"]
[SourceQuality "1"]
[TimeControl "5400+30"]

1. e4 {[%emt 0:00:00]} c5 {[%emt 0:00:00]} 2. Nf3 {[%emt 0:00:00]} Nc6 {[%emt 0:00:00]} 3. d4 {[%emt 0:00:00]} cxd4 {[%emt 0:00:00]} 4. Nxd4 {[%emt 0:00:00]} e5 {[%emt 0:00:02]} 5. Nb5 {[%emt 0:00:22]} d6 {[%emt 0:00:10]} 6. c4 {[%emt 0:01:24]} Be7 {[%emt 0:00:46]} 7. Be3 {[%emt 0:02:54]} a6 {[%emt 0:03:54]} 8. N5c3 {[%emt 0:00:46]} Nf6 {[%emt 0:02:13]} 9. Be2 {[%emt 0:03:06]} O-O {[%emt 0:00:55]} 10. O-O {[%emt 0:01:22]} Be6 {[%emt 0:02:00]} 11. Nd2 {[%emt 0:00:48]} Rb8 {[%emt 0:03:42]} 12. Rc1 {[%emt 0:03:06]} Re8 {[%emt 0:00:36]} 13. Nd5 {[%emt 0:00:43]} Nd7 {[%emt 0:08:41]} 14. b4 {[%emt 0:03:24]} Bg5 {[%emt 0:09:38]} 15. Qb3 {[%emt 0:12:15]} Bxe3 {[%emt 0:02:30]} 16. Qxe3 {[%emt 0:00:51]} Nd4 {[%emt 0:05:47]} 17. Bd3 {[%emt 0:00:59]} Rf8 {[%emt 0:14:32]} 18. f4 {[%emt 0:04:20]} f6 {[%emt 0:12:03]} 19. f5 {[%emt 0:01:37]} Bxd5 {[%emt 0:01:32]} 20. exd5 {[%emt 0:00:27]} Qb6 {[%emt 0:01:13]} 21. Rb1 {[%emt 0:09:34]} Rfc8 {[%emt 0:09:03]} 22. Kh1 {[%emt 0:00:47]} Qa7 {[%emt 0:06:25]} 23. Ne4 {[%emt 0:01:13]} Qb6 {[%emt 0:01:55]} 24. Rfc1 {[%emt 0:06:30]} Nxf5 {[%emt 0:02:57]} 25. Nxf6+ {[%emt 0:04:56]} gxf6 {[%emt 0:00:23]} 26. Qh3 {[%emt 0:00:56]} Ng7 {[%emt 0:05:19]} 27. Bxh7+ {[%emt 0:02:22]} Kf8 {[%emt 0:00:51]} 28. Qxd7 {[%emt 0:00:36]} Rc7 {[%emt 0:00:29]} 29. Qg4 {[%emt 0:03:02]} Rbc8 {[%emt 0:01:46]} 30. Rf1 {[%emt 0:08:07]} Rxc4 {[%emt 0:01:01]} 31. Rxf6+ {[%emt 0:00:30]} Ke8 {[%emt 0:00:17]} 32. Qg6+ {[%emt 0:00:42]} 1-0

[Event "DMP-III LIGA Senior PK 2020"]
[Site "Bystre"]
[Date "2020.07.10"]
[Round "4.30"]
[White "Krzysztynska, Anna"]
[Black "Tarsa, Joanna"]
[Result "1-0"]
[WhiteElo "1857"]
[BlackElo "1574"]
[Annotator "NA RC"]
[PlyCount "59"]
[EventDate "2020.07.05"]
[EventType "team-tourn"]
[EventCountry "POL"]
[SourceTitle "playchess.com"]
[Source "ChessBase"]
[SourceQuality "1"]
[TimeControl "5400+30"]

1. e4 {[%emt 0:00:00]} c5 {[%emt 0:00:03]} 2. c3 {[%emt 0:00:00]} Nc6 {[%emt 0:00:58]} 3. d4 {[%emt 0:00:09]} cxd4 {[%emt 0:00:36]} 4. cxd4 {[%emt 0:00:10]} d6 {[%emt 0:00:07]} 5. Nc3 {[%emt 0:00:50]} Nf6 {[%emt 0:00:34]} 6. Nf3 {[%emt 0:03:38]} (6. d5 $16) 6... g6 {[%emt 0:02:37]} 7. Bc4 {[%emt 0:06:47]} ({White should play} 7. d5 $16 Ne5 8. Nxe5 dxe5 9. Be3) 7... Bg7 {[%emt 0:06:36]} 8. O-O {[%emt 0:03:04]} O-O {[%emt 0:00:21]} 9. Bb3 {[%emt 0:00:55]} b6 {[%emt 0:04:55]} (9... Bg4 $15) 10. Be3 {[%emt 0:05:40]} Bb7 {[%emt 0:01:57]} 11. d5 {[%emt 0:05:02]} Nb8 {[%emt 0:05:21]} (11... Na5 $1 $11) 12. Nd4 $16 {[%emt 0:04:23]} Nbd7 {[%emt 0:04:55]} 13. Rc1 {[%emt 0:02:21]} Rc8 {[%emt 0:07:35]} 14. f3 {[%emt 0:02:17]} Ne5 {[%emt 0:05:26]} 15. Qd2 {[%emt 0:03:31]} Ba6 {[%emt 0:15:36]} 16. Ncb5 {[%emt 0:03:44]} Qd7 {[%emt 0:05:52]} 17. a4 {[%emt 0:04:49]} Rc5 {[%emt 0:07:20]} 18. Nc2 {[%emt 0:21:15]} Rcc8 {[%emt 0:02:58]} 19. Qe2 {[%emt 0:04:49]} Bxb5 {[%emt 0:02:48]} 20. axb5 {[%emt 0:02:20]} Qb7 {[%emt 0:01:11]} 21. Nd4 {[%emt 0:00:40]} Rxc1 {[%emt 0:00:29]} 22. Rxc1 {[%emt 0:00:05]} Rc8 {[%emt 0:00:22]} 23. Nc6 {[%emt 0:01:09]} Nxc6 {[%emt 0:01:35]} 24. bxc6 {[%emt 0:00:09]} Qc7 {[%emt 0:00:14]} 25. Qa6 {[%emt 0:06:35]} Ne8 {[%emt 0:02:15]} 26. Rc2 {[%emt 0:00:50]} Qb8 {[%emt 0:01:01]} 27. Bc4 {[%emt 0:01:56]} Rc7 {[%emt 0:01:46]} 28. b4 {[%emt 0:00:55]} Rc8 {[%emt 0:03:00]} 29. Qb7 {[%emt 0:03:38]} Nc7 {[%emt 0:04:30]} 30. Ra2 1-0

[Event "DMP-III LIGA Senior PK 2020"]
[Site "Bystre"]
[Date "2020.07.10"]
[Round "5.3"]
[White "Samek, Ryszard"]
[Black "Stefanski, Adam"]
[Result "1-0"]
[WhiteElo "1993"]
[BlackElo "1387"]
[Annotator "TA"]
[PlyCount "74"]
[EventDate "2020.07.05"]
[EventType "team-tourn"]
[EventCountry "POL"]
[SourceTitle "playchess.com"]
[Source "ChessBase"]
[SourceQuality "1"]

{[%evp 9,74,-5,11,6,11,14,53,70,109,75,102,91,88,88,115,68,110,87,172,95,93,97,89,28,109,98,97,83,154,72,85,77,100,87,137,121,129,58,108,33,141,111,177,172,142,129,155,141,148,150,199,61,61,38,165,158,204,156,879,44,58,25,152,143,151,146,118]} 1. d4 Nf6 2. c4 e6 3. Nf3 h6 4. Bf4 Bb4+ {[#]} 5. Nfd2 $146 ({Predecessor:} 5. Bd2 a5 6. a3 Bxd2+ 7. Nbxd2 d6 8. e3 Qe7 9. Bd3 Nbd7 10. O-O O-O 11. h3 e5 12. Bc2 Re8 13. Nb1 Nf8 14. Nc3 c6 15. Rc1 {½-½ (15) Ivanov,M (2397)-Markovic,M (2425) Novi Sad 2016}) 5... d5 6. e3 {E10: Blumenfeld Gambit.} O-O 7. a3 Bxd2+ 8. Nxd2 {White is slightly better.} dxc4 9. Nxc4 Nbd7 10. Be2 Nb6 11. Rc1 Nbd5 12. Bg3 Bd7 13. O-O Bb5 {[#]} (13... Ne4 $16) 14. Qc2 (14. Na5 $1 $18 Qe8 15. Nxb7) 14... Bxc4 $16 15. Bxc4 c6 16. Rfd1 (16. Be2 $16) 16... Nb6 (16... Nh5 $1 $11 {keeps the balance.}) 17. Ba2 Qe7 18. Bb1 g6 (18... Rfd8 $142) 19. e4 (19. Bh4 $142) 19... Nh5 20. Qc5 $36 {[%mdl 2048] Black is under strong pressure.} Qd7 21. Bh4 f6 22. f3 Nf4 23. Kf1 (23. Rc2 $16) 23... g5 24. Be1 (24. Bg3 $16) 24... Rfd8 (24... f5 $1 $14) 25. Ba5 Na4 (25... e5 $16) 26. Qc2 $18 Nb6 27. Qb3 Kg7 28. g3 Ng6 29. Kg2 h5 30. Bxb6 ({Better is} 30. f4 $18) 30... axb6 $14 31. Qxb6 Ra4 {[#]} (31... h4 $14) 32. d5 $1 $18 {[%cal Rd5c6][%mdl 512]} exd5 (32... cxd5 33. Rc7) 33. exd5 Ne5 $2 (33... Qe7 $16 34. dxc6 Rxd1 35. Rxd1 bxc6) 34. Qb3 $2 (34. dxc6 $18 bxc6 35. Qxd8 Qxd8 36. Rxd8) 34... cxd5 $14 35. Qc2 {Strongly threatening Qh7+.} h4 (35... Kf8 $1 $11 {remains equal.}) 36. Qh7+ $16 Kf8 37. Qh6+ Qg7 {Accuracy: White = 50%, Black = 32%.} 1-0

[Event "DMP-III LIGA Senior PK 2020"]
[Site "Bystre"]
[Date "2020.07.10"]
[Round "5.4"]
[White "Korys, Dawid"]
[Black "Wojciechowski, Beniamin"]
[Result "0-1"]
[WhiteElo "1343"]
[BlackElo "1835"]
[Annotator "NA"]
[PlyCount "94"]
[EventDate "2020.07.05"]
[EventType "team-tourn"]
[EventCountry "POL"]
[SourceTitle "playchess.com"]
[Source "ChessBase"]
[SourceQuality "1"]
[TimeControl "5400+30"]

{[%evp 10,93,19,39,32767,32767,32767,32767,32767,32767,32767,32767,0,32767,32767,32767,32767,32767,32767,32767,32767,32767,-20,-25,-26,32767,32767,-29,32767,32767,0,-9,32767,0,0,3,41,0,0,0,0,0,0,0,0,-28,0,-8,1,0,7,0,0,0,0,0,0,-455,-454,-670,-847,-5489,-3892,-29985,-29987,-5818,-6483,-1908,-2922,-12665,-2300,-5397,-6177,32767,32767,32767,-29985,-29986,-29988,-29989,-29983,-29987,-29990,-29985,-29991,-29991]} 1. d4 {[%emt 0:00:00]} d5 {[%emt 0:00:00]} 2. Bf4 {[%emt 0:00:07]} Bf5 {[%emt 0:00:05]} 3. e3 {[%emt 0:00:30]} e6 {[%emt 0:00:04]} 4. c4 {[%emt 0:00:12]} c6 {[%emt 0:00:15]} 5. Nc3 {[%emt 0:00:15]} Nd7 {[%emt 0:02:01]} 6. Nf3 {[%emt 0:00:08]} Ngf6 {[%emt 0:00:14]} 7. Be2 {[%emt 0:00:26]} Be7 {[%emt 0:02:10] D02: 1 d4 d5 2 Nf3 sidelines, including 2...Nf6 3 g3 and 2...Nf6 3 Bf4.} 8. Ne5 {[%emt 0:00:33]} Nxe5 {[%emt 0:01:23]} 9. Bxe5 {[%emt 0:00:07]} O-O {[%emt 0:00:54]} 10. O-O {[%emt 0:03:09]} Re8 {[%emt 0:02:02]} 11. cxd5 exd5 12. Bd3 {[%emt 0:04:25]} Qd7 {[%emt 0:10:26] [#]} 13. Bxf5 $146 {[%emt 0:01:48]} ({Predecessor:} 13. Qc2 Bxd3 14. Qxd3 Ng4 15. Bf4 Bd6 16. h3 Bxf4 17. exf4 Nf6 18. Rae1 Qd6 19. g3 {½-½ (38) Rupel,D (2113)-Chen,H Redmond 2008}) 13... Qxf5 {[%emt 0:00:06]} 14. Bxf6 {[%emt 0:00:07]} Bxf6 {[%emt 0:00:24]} 15. Ne2 {[%emt 0:00:50]} Rad8 {[%emt 0:02:34]} 16. a4 {[%emt 0:01:03]} Be7 {[%emt 0:00:49]} 17. Qd2 {[%emt 0:02:06]} Bd6 {[%emt 0:00:39]} 18. b4 {[%emt 0:01:41]} Re6 {[%emt 0:02:09]} 19. b5 {[%emt 0:02:30]} Rg6 {[%emt 0:04:47]} 20. bxc6 {[%emt 0:07:20]} bxc6 {[%emt 0:00:42]} 21. Rac1 {[%emt 0:02:08]} Qg4 {[%emt 0:30:57]} 22. Ng3 {[%emt 0:02:49]} Bb8 {[%emt 0:07:01]} 23. Qe2 {[%emt 0:01:56]} Qh4 {[%emt 0:00:31]} 24. f4 {[%emt 0:13:01]} Re8 {[%emt 0:04:18]} 25. Nf5 {[%emt 0:13:22]} Qf6 {[%emt 0:06:31]} 26. Qd3 {[%emt 0:02:32]} Qd8 {[%emt 0:07:28]} 27. Rc5 {[%emt 0:06:00]} Rge6 {[%emt 0:01:30]} 28. Rf3 {[%emt 0:05:31]} g6 {[%emt 0:02:25]} 29. Nh6+ {[%emt 0:01:56]} Kg7 {[%emt 0:05:09]} 30. Ng4 {[%emt 0:00:05]} f6 {[%emt 0:03:32]} (30... h5 $5 31. Ne5 $8 Bxe5 32. dxe5 (32. fxe5 f6 $11) 32... Qb6 $11) 31. f5 {[%emt 0:03:51]} Re4 {[%emt 0:01:38]} 32. Nf2 {[%emt 0:03:35]} Qe7 {[%emt 0:01:11]} 33. Nxe4 $4 {[%emt 0:01:27]} (33. Rc3 $11 {and White is okay.}) 33... dxe4 {[%emt 0:00:07]} 34. Qc4 {[%emt 0:01:52]} (34. Qd1 $142 exf3 {[%mdl 64] Discovered Attack} 35. Qxf3) 34... exf3 {[%emt 0:00:10]} 35. Qe6 {[%emt 0:00:51] [#]} Qc7 $1 {[%emt 0:02:32]} 36. g3 {[%emt 0:01:39]} Rxe6 {[%emt 0:00:09]} 37. fxe6 {[%emt 0:00:06]} Qd6 $19 {[%emt 0:00:30]} (37... Qb6 $142 38. Kf2 Qb2+ 39. Kxf3 Qxh2 40. g4 Qg3+ 41. Ke4 Qxg4+ {[%mdl 64] Double Attack} 42. Kd3 Qxe6 43. Rc2 Bg3 44. Rb2 Qf5+ 45. Kc3 Be1+ 46. Kc4 Qa5 47. Kb3 Qc3+ 48. Ka2 Qxe3 49. d5 cxd5 50. a5 Bc3 51. Rb1 Qf2+ 52. Ka3 Qc5+ {[%mdl 64] Double Attack} 53. Ka4 Qxa5+ 54. Kb3 Be5 55. Rc1 Qb5+ 56. Kc2 Qe2+ 57. Kb3 Qb2+ 58. Ka4 Qxc1 59. Kb4 Qc3+ 60. Kb5 Qc4+ 61. Ka5 Bc7#) 38. Kf2 {[%emt 0:00:16]} Qxe6 {[%emt 0:00:13]} 39. Kxf3 {[%emt 0:00:17]} f5 {[%emt 0:00:17]} 40. Ke2 {[%emt 0:00:52]} Qa2+ {[%emt 0:00:53]} 41. Kd3 {[%emt 0:00:05]} Qxa4 {[%emt 0:00:08]} 42. Kc3 {[%emt 0:00:26]} a5 {[%emt 0:00:37]} 43. Kb2 {[%emt 0:00:18]} Bd6 {[%emt 0:00:22]} 44. Rc3 {[%emt 0:00:05] [#]} c5 $1 {[%emt 0:00:20]} 45. Rb3 {[%emt 0:00:07]} c4 {[%emt 0:00:15]} 46. Rb7+ {[%emt 0:00:13]} Kh6 {[%emt 0:00:18]} 47. Kc3 {[%emt 0:01:02]} Bb4+ {[%emt 0:00:07]} 0-1

[Event "DMP-III LIGA Senior PK 2020"]
[Site "Bystre"]
[Date "2020.07.10"]
[Round "5.5"]
[White "Borukalo, Zdzislaw"]
[Black "Medrygal, Rafal"]
[Result "1-0"]
[WhiteElo "1679"]
[BlackElo "1258"]
[Annotator "NA RC"]
[PlyCount "111"]
[EventDate "2020.07.05"]
[EventType "team-tourn"]
[EventCountry "POL"]
[SourceTitle "playchess.com"]
[Source "ChessBase"]
[SourceQuality "1"]
[TimeControl "5400+30"]

1. e4 {[%emt 0:00:00]} e5 {[%emt 0:00:00]} 2. Nf3 {[%emt 0:00:00]} Nc6 {[%emt 0:00:00]} 3. d4 {[%emt 0:00:01]} exd4 {[%emt 0:00:41]} 4. Bc4 {[%emt 0:00:12]} Bb4+ 5. c3 {[%emt 0:02:13]} dxc3 {[%emt 0:04:47]} 6. O-O {[%emt 0:00:14]} Nf6 {[%emt 0:00:51]} 7. e5 {[%emt 0:02:28]} d5 {[%emt 0:09:19]} 8. exf6 {[%emt 0:04:10]} dxc4 {[%emt 0:02:12]} 9. fxg7 {[%emt 0:03:06]} Rg8 {[%emt 0:00:30]} 10. Qxd8+ {[%emt 0:04:59]} Nxd8 {[%emt 0:00:23]} 11. bxc3 {[%emt 0:00:38]} Be7 {[%emt 0:01:41]} 12. Re1 {[%emt 0:16:34]} Rxg7 {[%emt 0:02:12]} 13. Bg5 {[%emt 0:04:13]} Ne6 {[%emt 0:03:13]} 14. Bxe7 {[%emt 0:00:58]} Kxe7 {[%emt 0:00:10]} 15. Na3 {[%emt 0:00:13]} Bd7 {[%emt 0:00:42]} 16. Nd4 {[%emt 0:01:58]} c5 {[%emt 0:01:32]} 17. Nf5+ {[%emt 0:00:08]} Kf6 {[%emt 0:00:57]} 18. Nxg7 {[%emt 0:00:09]} Kxg7 {[%emt 0:00:14]} 19. Nxc4 {[%emt 0:00:09]} Nf4 {[%emt 0:02:05]} 20. Ne5 {[%emt 0:12:02]} Be6 {[%emt 0:00:50]} 21. a3 {[%emt 0:04:40]} Nd5 {[%emt 0:00:40]} 22. Rac1 {[%emt 0:04:38]} Kf6 {[%emt 0:01:08]} 23. g3 {[%emt 0:08:41]} Rg8 {[%emt 0:01:03]} 24. f3 {[%emt 0:14:24]} Nf4 {[%emt 0:02:59]} 25. Kf2 {[%emt 0:07:13]} Nh3+ {[%emt 0:01:30]} 26. Kf1 {[%emt 0:01:14]} Rd8 {[%emt 0:00:50]} 27. f4 {[%emt 0:02:54]} h5 {[%emt 0:00:37]} 28. Rcd1 {[%emt 0:01:06]} Rg8 {[%emt 0:00:26]} 29. Nd7+ {[%emt 0:00:47]} Kg6 {[%emt 0:02:00]} 30. Rxe6+ {[%emt 0:00:21]} fxe6 {[%emt 0:00:06]} 31. Kg2 {[%emt 0:00:04]} Nxf4+ {[%emt 0:00:13]} 32. gxf4 {[%emt 0:00:14]} Kf5+ {[%emt 0:01:00]} 33. Kf3 {[%emt 0:00:43]} Rg4 {[%emt 0:00:46]} 34. Nxc5 {[%emt 0:00:30]} Rxf4+ {[%emt 0:00:12]} 35. Ke3 {[%emt 0:02:10]} Rc4 {[%emt 0:03:20]} 36. Nxb7 {[%emt 0:01:20]} Rxc3+ {[%emt 0:00:24]} 37. Rd3 {[%emt 0:00:21]} Rc2 {[%emt 0:00:46]} 38. h3 {[%emt 0:00:35]} e5 {[%emt 0:00:47]} 39. Nd6+ {[%emt 0:00:21]} Ke6 {[%emt 0:01:27]} 40. Ne4 {[%emt 0:00:10]} Rh2 {[%emt 0:00:56]} 41. Nf2 {[%emt 0:00:08]} Rg2 {[%emt 0:00:28]} 42. Kf3 {[%emt 0:00:32]} Rg7 {[%emt 0:00:19]} 43. h4 {[%emt 0:02:19]} Kf5 {[%emt 0:01:51]} 44. Re3 {[%emt 0:00:31]} Re7 {[%emt 0:01:09]} 45. Re4 {[%emt 0:00:35]} Rc7 {[%emt 0:00:56]} 46. Nd3 {[%emt 0:01:08]} Re7 {[%emt 0:00:49]} 47. Nb4 {[%emt 0:00:39]} Rc7 {[%emt 0:01:16]} 48. Nd3 {[%emt 0:00:35]} Re7 {[%emt 0:00:12]} 49. Ne1 {[%emt 0:00:31]} Rc7 {[%emt 0:00:38]} 50. Ng2 {[%emt 0:00:13]} Rc3+ {[%emt 0:01:25]} 51. Ne3+ {[%emt 0:00:12]} Ke6 {[%emt 0:00:35]} 52. Ra4 {[%emt 0:00:10]} Rd3 {[%emt 0:01:30]} 53. Ra6+ {[%emt 0:00:35]} Kf7 {[%emt 0:00:57]} 54. Rxa7+ {[%emt 0:00:08]} Kg6 {[%emt 0:00:30]} 55. Ra6+ {[%emt 0:00:45]} Kg7 {[%emt 0:00:15]} 56. Ke4 {[%emt 0:00:25]} 1-0